[Event "Buenos Aires Finde Largo op 2nd"]
[Site "Buenos Aires"]
[Date "2018.10.13"]
[Round "1.6"]
[White "Viola, Francisco"]
[Black "Ocantos, Manuel"]
[Result "0-1"]
[WhiteElo "1675"]
[BlackElo "2204"]
[PlyCount "126"]
[EventDate "2018.10.13"]
[EventType "swiss"]
[EventRounds "6"]
[EventCountry "ARG"]
[SourceTitle "EXT 2024"]
[Source "ChessBase"]
[SourceDate "2023.10.10"]
[SourceVersion "1"]
[SourceVersionDate "2023.10.10"]
[SourceQuality "1"]

1. e4 c5 2. Nf3 e6 3. d3 Nc6 4. g3 d5 5. Nbd2 Nf6 6. Bg2 Be7 7. 0-0 0-0 8. Re1 dxe4 9. dxe4 e5 10. c3 Be6 11. Qc2 Qc7 12. Nf1 Rad8 13. Bg5 Rd7 14. Rad1 Rfd8 15. Bxf6 Bxf6 16. a3 Qb6 17. b4 a5 18. Rxd7 Rxd7 19. bxa5 Qxa5 20. a4 Qd8 21. Ne3 Na5 22. c4 Nc6 23. Nd5 Nb4 24. Qc3 Bxd5 25. cxd5 Re7 26. Rd1 Qa5 27. Qb3 g6 28. d6 Rd7 29. Bh3 Rd8 30. d7 Qc7 31. Rc1 Qd6 32. Rd1 Qe7 33. Ne1 Rb8 34. Ng2 Bg5 35. Ne3 Bxe3 36. Qxe3 Nc2 37. Qc3 Nd4 38. Qa5 f5 39. Qc7 Rd8 40. Qxb7 Rxd7 41. Qb1 Qd8 42. Rf1 Qa8 43. Qa2+ Kh8 44. Bg2 f4 45. gxf4 exf4 46. f3 Qa5 47. Qb2 Qb4 48. Qa1 Ra7 49. Qd1 Qxa4 50. Qb1 Qb4 51. Qxb4 cxb4 52. Rb1 Rb7 53. Kf2 Kg7 54. Ke1 Kf6 55. Kd2 Ke5 56. Kd3 Rd7 57. Kc4 Rc7+ 58. Kd3 Rc3+ 59. Kd2 Rc2+ 60. Kd3 Rxg2 61. Rxb4 Nxf3 62. h3 Ne1+ 63. Kc3 f3 0-1